| 000 | 00674nam a22002057a 4500 | ||
|---|---|---|---|
| 003 | OSt | ||
| 005 | 20140310182942.0 | ||
| 008 | 130204t xxu||||| |||| 00| 0 eng d | ||
| 020 | _a9789715382298 | ||
| 050 |
_aDS 673 _b.Oc15 2010 |
||
| 082 |
_aFIL 972 _bOc15 2010 |
||
| 245 |
_aPhilippines - Mexico historical relations _bproceedings of the symposium held at the National Meseum of the Philippines on November 16-17, 2006 _cOcampo, Ambeth |
||
| 260 |
_aManila _bNational Historical Commission of the Philippines _c2010 |
||
| 300 |
_a167 p. _c22 cm. |
||
| 521 | _acollege students | ||
| 526 | _c1210L-1700L | ||
| 541 | _j1 | ||
| 562 | _e1 | ||
| 942 |
_2lcc _cBK _kFIL |
||
| 999 |
_c17747 _d17747 |
||